00650nam a2200169Ia 4500020002200000040000800022082002600030245022600056260004700282300003300329650001100362650002900373650001600402700002600418700001900444700001700463 a1566761239 (pbk.) cTBZ a628 TEC 1994 A050 Or.10aChemical oxidation--technologies for the nineties :bproceedings of the Second International Symposium, Chemical Oxidation : Technology for the Nineties, Vanderbilt University, Nashville, Tennessee, February 19-21, 1992 / aLancaster, PA :bTechnomic Pub. Co.,c1994 avii, 441 p. :bill. ;c28 cm 0aSewage 0aFactory and trade wastes 0aGroundwater1 aEckenfelder, W. Weley1 aBowers, Alan R1 aRoth, John A